MARC details
| 000 -LEADER |
| fixed length control field |
01200nam a22002777a 4500 |
| 003 - CONTROL NUMBER IDENTIFIER |
| control field |
OSt |
| 005 - DATE AND TIME OF LATEST TRANSACTION |
| control field |
20250412133512.0 |
| 008 - FIXED-LENGTH DATA ELEMENTS--GENERAL INFORMATION |
| fixed length control field |
240904b ||||| |||| 00| 0 eng d |
| 040 ## - CATALOGING SOURCE |
| Transcribing agency |
0 |
| 082 ## - DEWEY DECIMAL CLASSIFICATION NUMBER |
| Classification number |
DPer 621.317 Ie21 December 2022 v.37 n. 12 part 1&2. |
| 100 ## - MAIN ENTRY--PERSONAL NAME |
| Personal name |
Huang, Rui. |
| Relator term |
author. |
| 9 (RLIN) |
60124 |
| 245 ## - TITLE STATEMENT |
| Title |
An optimized asymmetric modulation scheme for tree-phase buck rectifier without input current distortion at the sector boundaries / |
| Statement of responsibility, etc. |
Rui Huang, Jianping Xu, Quing Chen, Xia Guo, and Chenli Zhou. |
| 260 ## - PUBLICATION, DISTRIBUTION, ETC. (IMPRINT) |
| Place of publication, distribution, etc. |
New York ; |
| Name of publisher, distributor, etc. |
The Institute of Electrical and Electronics Engineers, Inc., |
| Date of publication, distribution, etc. |
December 2022. |
| 300 ## - PHYSICAL DESCRIPTION |
| Extent |
volume 37, pages 14040-14051, |
| Other physical details |
illustration. |
| 500 ## - GENERAL NOTE |
| General note |
IEEE Transactions on Power Electronics, v. 37 n. 12, pages 14040-14051, December 2022. |
| 650 #0 - SUBJECT ADDED ENTRY--TOPICAL TERM |
| Topical term or geographic name as entry element |
Input current distortion. |
| 9 (RLIN) |
66382 |
| 650 #0 - SUBJECT ADDED ENTRY--TOPICAL TERM |
| Topical term or geographic name as entry element |
modulation scheme. |
| 9 (RLIN) |
66383 |
| 650 #0 - SUBJECT ADDED ENTRY--TOPICAL TERM |
| Topical term or geographic name as entry element |
three-phase buck rectifier. |
| 9 (RLIN) |
66384 |
| 700 ## - ADDED ENTRY--PERSONAL NAME |
| Personal name |
Huang, Rui. |
| Relator term |
author. |
| 9 (RLIN) |
60124 |
| 700 ## - ADDED ENTRY--PERSONAL NAME |
| Personal name |
Xu, Jianping. |
| Relator term |
author. |
| 9 (RLIN) |
60125 |
| 700 ## - ADDED ENTRY--PERSONAL NAME |
| Personal name |
Chen, Quing. |
| Relator term |
author. |
| 9 (RLIN) |
60126 |
| 700 ## - ADDED ENTRY--PERSONAL NAME |
| Personal name |
Guo, Xia. |
| Relator term |
author. |
| 9 (RLIN) |
60127 |
| 700 ## - ADDED ENTRY--PERSONAL NAME |
| Personal name |
Guo, Xia . |
| Relator term |
author. |
| 9 (RLIN) |
60128 |
| 700 ## - ADDED ENTRY--PERSONAL NAME |
| Personal name |
Zhou, Chenli. |
| Relator term |
author. |
| 9 (RLIN) |
60129 |
| 942 ## - ADDED ENTRY ELEMENTS (KOHA) |
| Source of classification or shelving scheme |
Dewey Decimal Classification |
| Koha item type |
Periodicals |